[Event "Capablanca Memorial op-B 48th"]
[Site "Havana"]
[Date "2013.04.30"]
[Round "9"]
[White "Quesda Chow, Ismael"]
[Black "Cruz Portuondo, Manuel de Jesus"]
[Result "1/2-1/2"]
[WhiteElo "2217"]
[BlackElo "2120"]
[PlyCount "104"]
[EventDate "2013.04.21"]
[EventType "swiss"]
[EventRounds "9"]
[EventCountry "CUB"]
[SourceTitle "CBM 154 Extra"]
[Source "ChessBase"]
[SourceDate "2013.06.25"]
[SourceVersion "2"]
[SourceVersionDate "2013.06.25"]
[SourceQuality "1"]

1. e4 d6 2. d4 Nf6 3. Nc3 e5 4. Nf3 Nbd7 5. h3 c6 6. a4 Be7 7. Be3 b6 8. Bc4 0-0 9. 0-0 Bb7 10. dxe5 dxe5 11. Qe2 a6 12. Ba2 b5 13. Rad1 Qc7 14. Nh4 Bc5 15. Bg5 Kh8 16. Qf3 Ne8 17. Rd3 Nb6 18. Rfd1 Be7 19. a5 Bxg5 20. axb6 Qxb6 21. Nf5 g6 22. Qg4 h6 23. Ng3 Rd8 24. Rxd8 Bxd8 25. Qd7 Nf6 26. Qd6 Kg7 27. Qxe5 Bc7 28. Qd4 Qxd4 29. Rxd4 c5 30. Rd3 Re8 31. Bd5 Nxd5 32. exd5 c4 33. Rd4 Rd8 34. Nge4 Be5 35. Rd1 b4 36. Na4 Rxd5 37. Re1 Bd4 38. c3 Ba7 39. cxb4 Re5 40. Nac3 Kf8 41. Re2 f5 42. Nd6 Rxe2 43. Nxe2 Bd5 44. Nf4 Bf7 45. b5 axb5 46. Nxb5 Bb8 47. Ne2 Be5 48. Nbc3 Ke7 49. f4 Bf6 50. Kf2 Kd6 51. Ke3 Kc5 52. Kd2 Kb4 1/2-1/2

[Event "Havana Elo"]
[Site "Havana"]
[Date "2009.08.10"]
[Round "13"]
[White "Quesda Chow, Ismael"]
[Black "Coto Mederos, Michel"]
[Result "0-1"]
[WhiteElo "2176"]
[BlackElo "2261"]
[PlyCount "92"]
[EventDate "2009.08.04"]
[EventType "tourn"]
[EventRounds "15"]
[EventCountry "CUB"]
[SourceTitle "CBM 131 Extra"]
[Source "ChessBase"]
[SourceDate "2009.09.03"]
[SourceVersion "2"]
[SourceVersionDate "2009.09.16"]
[SourceQuality "1"]

1. e4 e5 2. Nf3 Nf6 3. Nxe5 d6 4. Nf3 Nxe4 5. Nc3 Nxc3 6. dxc3 Be7 7. Be3 Nc6 8. Qd2 0-0 9. 0-0-0 Ne5 10. h4 Nxf3 11. gxf3 Bf5 12. h5 h6 13. Rg1 Kh7 14. Qd5 Qd7 15. Qxb7 Qa4 16. Bd3 Bxd3 17. cxd3 Rab8 18. Qe4+ Qxe4 19. fxe4 Rb5 20. Rh1 f5 21. Rdg1 Re5 22. Bd4 Bg5+ 23. Rxg5 hxg5 24. Bxe5 dxe5 25. exf5 Rxf5 26. Rh2 Rf3 27. Kd2 Kh6 28. Ke2 g4 29. d4 exd4 30. cxd4 Rh3 31. Rxh3 gxh3 32. Kf3 h2 33. Kg2 Kxh5 34. d5 Kg4 35. b4 h1Q+ 36. Kxh1 Kf3 37. Kg1 Ke4 38. a4 Kxd5 39. Kg2 Kc4 40. b5 Kb4 41. Kg3 Kxa4 42. Kg4 Kxb5 43. Kg5 Kc4 44. f4 Kd4 45. Kg6 Ke4 46. f5 c5 0-1

[Event "Havana Elo"]
[Site "Havana"]
[Date "2009.08.08"]
[Round "10"]
[White "Soto Hernandez, Henry"]
[Black "Quesda Chow, Ismael"]
[Result "1/2-1/2"]
[WhiteElo "2283"]
[BlackElo "2176"]
[PlyCount "82"]
[EventDate "2009.08.04"]
[EventType "tourn"]
[EventRounds "15"]
[EventCountry "CUB"]
[SourceTitle "CBM 131 Extra"]
[Source "ChessBase"]
[SourceDate "2009.09.03"]
[SourceVersion "2"]
[SourceVersionDate "2009.09.16"]
[SourceQuality "1"]

1. e4 c5 2. Nf3 d6 3. Bb5+ Nc6 4. 0-0 Bd7 5. c3 Nf6 6. Re1 a6 7. Ba4 b5 8. Bc2 Bg4 9. d3 e5 10. Nbd2 Be7 11. Nf1 0-0 12. h3 Bh5 13. Ng3 Bg6 14. d4 cxd4 15. cxd4 Qc7 16. Be3 Nb4 17. Bb1 Rac8 18. Re2 Rfe8 19. d5 a5 20. a3 Na6 21. Bd3 Qb7 22. Rc1 Rxc1 23. Bxc1 Rc8 24. Nh4 Nc5 25. Bc2 b4 26. Nhf5 Bf8 27. f4 Nfd7 28. Nxd6 Bxd6 29. f5 bxa3 30. bxa3 a4 31. fxg6 hxg6 32. Kh2 Nb3 33. Bb2 Qb6 34. Bxb3 axb3 35. Nf1 Nc5 36. Re3 Rb8 37. Nd2 Qb5 38. Rc3 Be7 39. Rf3 Bd6 40. Rc3 Kf8 41. Qf3 Kg8 1/2-1/2

[Event "Havana Elo"]
[Site "Havana"]
[Date "2009.08.06"]
[Round "5"]
[White "Quesda Chow, Ismael"]
[Black "Soto Hernandez, Henry"]
[Result "0-1"]
[WhiteElo "2176"]
[BlackElo "2283"]
[PlyCount "68"]
[EventDate "2009.08.04"]
[EventType "tourn"]
[EventRounds "15"]
[EventCountry "CUB"]
[SourceTitle "CBM 131 Extra"]
[Source "ChessBase"]
[SourceDate "2009.09.03"]
[SourceVersion "2"]
[SourceVersionDate "2009.09.16"]
[SourceQuality "1"]

1. e4 d6 2. d4 Nf6 3. Nc3 g6 4. Nf3 Bg7 5. h3 0-0 6. Be3 c6 7. a4 a5 8. Bc4 d5 9. exd5 cxd5 10. Bb5 Nc6 11. 0-0 Bf5 12. Re1 Rc8 13. Rc1 Ne4 14. Nxe4 dxe4 15. Bxc6 bxc6 16. Ne5 Be6 17. c3 f6 18. Ng4 h5 19. Nh2 f5 20. Bg5 Rb8 21. Qe2 Bd5 22. Nf1 Qc7 23. Red1 Bb3 24. Rd2 Kh7 25. Ra1 Qd6 26. Qe3 Qe6 27. Ng3 Rbd8 28. Ne2 Rd7 29. Nc1 Bc4 30. Ne2 Qf7 31. Bf4 Rfd8 32. Kf1 c5 33. Rad1 Bb3 34. Ra1 e5 0-1